000 00607nam a2200193 i 4500
001 58208
003 ES-MaACL
005 20230906163741.0
007 t|
008 031021s1955 sp ||||1| spa d
100 1 _aDuering, Ingemar.
_9203710
245 1 0 _aAlfonso Reyes helenista /
_cpor Ingemar Duering.
260 _aMadrid :
_bInsula,
_c1955 (
_fS. Aguirre Torre)
300 _a85 p. ;
_c21 cm.
500 _aPrecede al tít.: Instituto Ibero-Americano, Gotemburgo (Suecia)
710 0 0 _aInstituto Ibero-Americano (Göteborg)
_95089
852 _aES-MaACL
_j1996-F-21
_bR.39684
999 _c58208
_d58208